Fundamentals of database systems / (Record no. 8280)

MARC details
000 -LEADER
fixed length control field 02243cam a2200193Ii 4500
020 ## - INTERNATIONAL STANDARD BOOK NUMBER
ISBN 1292097612
020 ## - INTERNATIONAL STANDARD BOOK NUMBER
ISBN 9781292097619
050 #4 - CALL NUMBER
Classification number QA76.9.D3
Item number .El6
100 1# - AUTHOR
Personal name Elmasri, Ramez,
245 10 - TITLE
Title Fundamentals of database systems /
Statement of responsibility, etc Ramez Elmasri, Shamkant B. Navathe.
250 ## - EDITION
Edition statement Seventh edition.
250 ## - EDITION
Edition statement Global edition.
260 ## - PUBLICATION INFORMATION
Place of publication Boston:
Name of publisher Pearson
Year of publication 2017
300 ## - DESCRIPTION
Number of Pages 1272 pages :
Other physical details illustrations ;
Dimensions 24 cm.
505 0# - FORMATTED CONTENTS NOTE
Table of Content Databases and Database Users -- Database System Concepts and Architecture -- Data Modeling Using the Entity-Relationship (ER) Model -- The Enhanced Entity-Relationship (EER) Model -- The Relational Data Model and Relational Database Constraints -- Basic SQL -- More SQL: Complex Queries, Triggers, Views, and Schema Modification -- The Relational Algebra and Relational Calculus -- Relational Database Design by ER- and EER-to-Relational Mapping -- Introduction to SQL Programming Techniques -- Web Database Programming Using PHP -- Object and Object-Relational Databases -- XML: Extensible Markup Language -- Basics of Functional Dependencies and Normalization for Relational Databases -- Relational Database Design Algorithms and Further Dependencies -- Disk Storage, Basic File Structures, Hashing, and Modern Storage Architectures -- Indexing Structures for Files and Physical Database Design -- Strategies for Query Processing -- Query Optimization -- Introduction to Transaction Processing Concepts and Theory -- Concurrency Control Techniques -- Database Recovery Techniques -- Distributed Database Concepts -- NOSQL Databases and Big Data Storage Systems -- Big Data Technologies Based on MapReduce and Hadoop -- Enhanced Data Models: Introduction to Active, Temporal, Spatial, Multimedia, and Deductive Databases -- Introduction to Information Retrieval and Web Search -- Data Mining Concepts -- Overview of Data Warehousing and OLAP -- Database Security -- Appendix A, Alternative Diagrammatic Notations for ER Models -- Appendix B, Parameters of Discs -- Appendix C, Overview of the QBE Language -- Appendix D, Overview of the Hierarchical Data Models -- Appendix E, Overview of the Network Data Model.
650 #0 - SUBJECTS
Topical Term Database management.
700 1# - OTHER AUTHORS
Personal name Navathe, Shamkant B.
942 ## - ADDED ENTRY ELEMENTS (KOHA)
Koha item type Books
Holdings
Withdrawn status Lost status Collection code Home library Current library Shelving location Date acquired Source of acquisition Cost, normal purchase price Full call number Accession Number Koha item type
    Reference Methodist University Library Main Methodist University Library Main General Stacks 27/06/2022 UG Bookshop 300.00 QA76.9.D3 .El6 8750 Books
Copyright © 2026  MUG Library